000 00525nam a22001697a 4500
005 20251108164705.0
008 250721s1993 xx 000 0 ara d
082 1 4 _a529/جبا
100 1 _aالمياح، جبار موحي دغيبش
245 1 0 _aالتقويم العجيب في معرفة أسماء الأيام و التاريخ الغريب في الماضي ... /
264 1 _aعمان :
_c1993.
300 _a46ص
650 1 7 _aالتقاويم
650 1 7 _aالوقت
942 _2ddc
_cBK
999 _c11936
_d11936